000 00952nam a2200265Ia 4500
003 OSt
005 20220923211504.0
006 a|||||r|||| 00| 0
007 ta
008 220922b |||||||| |||| 00| 0 pan d
020 _a9789352050291 (HBK)
_c195
024 _a353,411
037 _b1174, 06/01/2020, H.K. Prakashan
_cTextual
040 _aARTS
_cARTS
_bpan
041 _2pan
_apan
082 _aO153,1NGHx, Q9
100 _aਘੁਲਾਲ, ਜਸਬੀਰ ਸਿੰਘ, ਂਚ.
245 0 _aਸਿੱਖੀ ਬਾਬੇ ਨਾਨਕ ਦੀ
260 _aਚੰਡੀਗੜ੍ਹ
_b ਲੋਕਗੀਤ ਪ੍ਰਕਾFਨ
_c2019
300 _a72ਪ੍ਰ0
_ccm.
650 _a ਪੰਜਾਬੀ ਕਾਵਿ
650 _aਪੰਜਾਬੀ ਸਾਹਿਤ
942 _hO153,1NGHx, Q9
_cTEXL
_2CC
999 _c300060
_d300060